Estudio a nivel de prefactibilidad del proyecto de agua potable y saneamiento en la comunidad San Nicolás en el municipio de el Sauce - León
Presenta estudio a nivel de perfectibilidad del proyecto de agua potable y saneamiento en la comunidad San Nicolás en el municipio del Sauce - León en el cual se elaboró un levantamiento topográfico un análisis hidrogeológico de la zona y la identificación de las necesidades básicas para la...
| Main Authors: | , , |
|---|---|
| Other Authors: | |
| Format: | Tesis Section = Libro |
| Language: | Undetermined Spanish |
| Published: |
Managua
UNI
2013
|
| Subjects: |
| LEADER | 01256nam a2200277Ia 4500 | ||
|---|---|---|---|
| 008 | 240830s9999 xx 000 0 und d | ||
| 040 | |a BIBLIOTECA-RUPAP Mon 628.72 R934 | ||
| 041 | |a spa | ||
| 082 | |a Mon 628.72 R934 | ||
| 100 | 1 | |a Saldaña Ruiz, Jairo, Cruz Rodríguez, | |
| 100 | 1 | |b Cruz Rodríguez, Gerardo Noé. | |
| 100 | 1 | |c Mendoza Meza, Elvis José | |
| 245 | 1 | 0 | |a Estudio a nivel de prefactibilidad del proyecto de agua potable y saneamiento en la comunidad San Nicolás en el municipio de el Sauce - León |
| 260 | |a Managua |b UNI |c 2013 | ||
| 300 | |a 96 p. :il. | ||
| 500 | |a Contiene: anexos. | ||
| 502 | |a Tesis (Ingeniero Civil)- UNI, 2013. | ||
| 520 | 3 | |a Presenta estudio a nivel de perfectibilidad del proyecto de agua potable y saneamiento en la comunidad San Nicolás en el municipio del Sauce - León en el cual se elaboró un levantamiento topográfico un análisis hidrogeológico de la zona y la identificación de las necesidades básicas para la solución al problema. | |
| 650 | 7 | |a ABASTECIMIENTO DE AGUA | |
| 650 | 7 | |b AGUA POTABLE - PROYECTO | |
| 650 | 7 | |c SANEAMIENTO | |
| 650 | 7 | |d BOMBAS CENTRIFUGAS | |
| 700 | 1 | |a Tutor: |b Fajardo González, Ricardo Javier | |
| 942 | |c BK |2 ddc | ||
| 991 | |a TESIS | ||
| 999 | |c 16581 | ||